ბათუმის შოთა რუსთაველის სახელმწიფო უნივერსიტეტის ბიბლიოთეკა

ბიბლიოგრაფიული დოკუმენტების ბიბლიოგრაფიული აღწერილობა (ბიბ.ჩანაწერი № 52806)

000 -LEADER
fixed length control field 01011nam a2200241Ia 4500
001 - CONTROL NUMBER
control field 19836
003 - CONTROL NUMBER IDENTIFIER
control field GE_BSU
008 - FIXED-LENGTH DATA ELEMENTS--GENERAL INFORMATION
fixed length control field 181216s||||||||xx |||||||||||||| ||und||
020 ## - INTERNATIONAL STANDARD BOOK NUMBER
International Standard Book Number 9739941013140
040 ## - CATALOGING SOURCE
Transcribing agency GE_BSU
080 ## - UNIVERSAL DECIMAL CLASSIFICATION NUMBER
Universal Decimal Classification number 025.3
245 ## - TITLE STATEMENT
Title ბიბლიოგრაფიული დოკუმენტების ბიბლიოგრაფიული აღწერილობა
245 ## - TITLE STATEMENT
Remainder of title სახ-ლო
245 ## - TITLE STATEMENT
Statement of responsibility, etc. შემდგ. მ. კალანდარიშვილი. ნ. ქავთარაძე. რედ.გ. თაყნიაშვილი. ლ. კაცაძე.
260 ## - PUBLICATION, DISTRIBUTION, ETC.
Place of publication, distribution, etc. თბილისი
260 ## - PUBLICATION, DISTRIBUTION, ETC.
Date of publication, distribution, etc. 2009
300 ## - PHYSICAL DESCRIPTION
Extent 130გვ.
653 ## - INDEX TERM--UNCONTROLLED
Uncontrolled term ბიბლიოგრაფიული დოკუმენტების ბიბლიოგრაფიული აღწერილობა
653 ## - INDEX TERM--UNCONTROLLED
Uncontrolled term ბიბლიოთეკარი
653 ## - INDEX TERM--UNCONTROLLED
Uncontrolled term ქსეროქსი
942 ## - ADDED ENTRY ELEMENTS (KOHA)
Koha item type წიგნი
ეგზემპლარები
Withdrawn status Lost status Damaged status Not for loan Date acquired Barcode Date last seen Price effective from Koha item type Public note
        2018-12-17 00420 2018-12-17 2018-12-17 წიგნი ქსეროქსი